Statistiques concernant Les 20 villes les plus peuplées du Puy-de-Dôme

Cliquez ici pour prendre le quiz!

Statistiques générales

  • Ce quiz a été pris 30 fois
  • Le résultat moyen est 9 sur 20

Statistiques - réponses

PopulationsVilles% Correct
147 327Clermont-Ferrand
100%
15 014Issoire
79%
11 633Thiers
75%
18 736Riom
67%
6 616Ambert
63%
10 211Aubière
63%
20 193Cournon-d'Auvergne
58%
17 454Chamalières
50%
12 459Pont-du-Château
42%
10 650Beaumont
38%
10 258Gerzat
38%
8 663Lempdes
33%
4 808Billom
29%
8 946Cébazat
25%
6 357Lezoux
25%
6 373Ceyrat
17%
6 294Châtel-Guyon
17%
5 242Vic-le-Comte
17%
5 494Le Cendre
13%
7 869Romagnat
13%

Distribution des résultats

Percentile par nombre de réponses

% des personnes avec chaque résultat

Votre développement - résultats

Vous n’avez pas pris ce quiz